banner-ar

الاشباه والنظائر على مذهب ابى حنيفه النعمان / (Record no. 37930)

MARC details
000 -الفاتح
حقل البيانات ثابتة الطول 00494nam a2200145Ia 4500
008 - عناصر البيانات ثابتة الطول - معلومات عامة
حقل البيانات ثابتة الطول 140319s9999 xx 000 0 ara d
040 ## - مصدر الفهرسة
وكالة الفهرسة الأصلية GCL /
وكالة النسخ GCL
082 04 - رقم تصنيف ديوى العشرى
رقم التصنيف 250
رقم المادة ن ا
100 1# - المدخل الرئيسى - إسم شخصى
الإسم الشخصى ابن نجم المصرى، زين الدين
245 10 - بيان العنوان
العنوان الاشباه والنظائر على مذهب ابى حنيفه النعمان /
بيان المسئوليه,etc ابن نجم المصرى، زين الدين
700 1# - المدخل الاضافى - اسم شخصى
الإسم الشخصى ابوحنيفه، النعمان بن ثابت
300 ## - الوصف المادى
التعداد 452 ص
490 ## - بيان السلسلة
عنوان السلسلة
Holdings
حالة التراجع حالة الفقد حالة تلف ليس للاعارة المكان المؤقت الموقع الحالى تاريخ الاكتساب اجمالي اﻻعارات رقم الطلب الباركود تاريخ اخر مشاهدة تاريخ تفعيل السعر نوع وعاء كوها
        مكتبة القاهرة الكبرى مكتبة القاهرة الكبرى 03/26/2014   250\ن ا 92691 03/26/2014 03/26/2014 كتاب

Powered By

EGPV